Ideas para una concepcao da vida /

Detalles Bibliográficos
Autor principal: Moreira, Eidorfe
Formato: Libro
Publicado: Belém : H. Barra, 1961.
Materias:
Etiquetas: Agregar Etiqueta
Sin Etiquetas, Sea el primero en etiquetar este registro!

MARC

LEADER 00000nam a22000004a 4500
001 AR-BbUGT2493
003 AR-BbUGT
005 20181220001645.0
007 ta
008 061101t1961 ||| |0|||0| d
040 |a AR-BbUGT  |b spa  |c AR-BbUGT 
082 0 4 |a 910 
100 1 |a Moreira, Eidorfe. 
245 1 0 |a Ideas para una concepcao da vida /   |c Eidorfe Moreira. 
260 |a Belém :   |b H. Barra,   |c 1961. 
300 |a 148 p. 
653 |a Geografía de la cultura 
653 |a Paisaje 
653 |a Geografía 
942 |c BK  |h 910  |i M813  |m D  |2 ddc  |6 910_000000000000000_M813 
999 |c 10068  |d 10068